| 000 | 01489cam a2200373 a 4500 | ||
|---|---|---|---|
| 001 | 13736978 | ||
| 005 | 20200421093824.0 | ||
| 008 | 040930t20032004cc a 001 0 eng | ||
| 010 | _a 2004558626 | ||
| 015 | _aGBA3-U1124 | ||
| 020 | _a0596004761 | ||
| 035 | _a(OCoLC)ocm53243416 | ||
| 040 |
_aUKM _cUKM _dCUS _dOCLCQ _dDLC |
||
| 042 | _alccopycat | ||
| 050 | 0 | 0 |
_aQA76.73.P22 _bC35 2004 |
| 082 | 0 | 0 |
_a005.13/3 _222 |
| 100 | 1 |
_aChamberlain, Darren. _9478 |
|
| 245 | 1 | 0 |
_aPerl template toolkit / _cDarren Chamberlain, David Cross, and Andy Wardley. |
| 250 | _a1st ed. | ||
| 260 |
_aBeijing ; _aSebastopol, CA _bO'Reilly, _c2003, c2004. |
||
| 300 |
_axiii, 574 p. : _bill. ; _c24 cm. |
||
| 500 | _a"Scalable templating for the Web"--Cover. | ||
| 500 | _aIncludes index. | ||
| 650 | 0 |
_aPerl (Computer program language) _919 |
|
| 650 | 0 |
_aWeb site development. _9479 |
|
| 700 | 1 |
_aCross, David, _d1962- _9480 |
|
| 700 | 1 |
_aWardley, Andy. _9481 |
|
| 856 | 4 | 2 |
_3Publisher description _uhttp://www.loc.gov/catdir/enhancements/fy0715/2004558626-d.html |
| 856 | 4 | 2 |
_3Contributor biographical information _uhttp://www.loc.gov/catdir/enhancements/fy0912/2004558626-b.html |
| 856 | 4 | 1 |
_3Table of contents only _uhttp://www.loc.gov/catdir/enhancements/fy1010/2004558626-t.html |
| 906 |
_a7 _bcbc _ccopycat _d2 _encip _f20 _gy-gencatlg |
||
| 942 |
_2ddc _cBK |
||
| 999 |
_c255 _d255 |
||